| 000 | 02521nam0a2200337 i 4500 | ||
|---|---|---|---|
| 001 | RU\NLR\BIBL_A\010973230 | ||
| 005 | 20260408083640.0 | ||
| 010 |
_a9785998602290 _95000 |
||
| 021 |
_aRU _b2016-4343 _9267 |
||
| 035 | _a(NLR Aleph) 010973230 | ||
| 090 |
_a10834380 _c10834380 |
||
| 100 | _a20160208d2016 u y0rusy50 ca | ||
| 101 | 0 | _arus | |
| 102 | _aRU | ||
| 105 | _aa|||j|||001yy | ||
| 200 | 1 |
_aБиология _eучебник для для студентов высших учебных заведений _eдля студентов образовательных учреждений высшего профессионального образования, обучающихся по группе специальностей "Здравоохранение и медицинские науки" по дисциплине "Биология" _f[Николай Васильевич Чебышев, акад. Рос. акад. образования, проф., д.м.н., Иза Автандиловна Беречикидзе, Елена Сергеевна Горожанина, кандидаты биол. наук. доценты и др.] _gпод ред. акад. Рос. акад. образования Н. В. Чебышева _gМ-во здравоохранения Рос Федерации, Гос. бюджет. образоват. учреждение высш. проф. образования Первый Моск. гос. мед. ун-т им. И. М. Сеченова |
|
| 210 |
_aМосква _cМедицинское информационное агентство _d2016 |
||
| 215 |
_a635 с. _cил., цв. ил. _d24 |
||
| 300 | _aАвт. указаны на обороте тит. л. | ||
| 320 | _aБиблиогр.: с. 622-623 (43 назв.) | ||
| 320 | _aПредм. указ.: с. 624-635 | ||
| 606 | 1 |
_aБиология _jУчебники для высших учебных заведений _9896131 _3RU\NLR\AUTH\664781 |
|
| 686 | 1 | _aЕ.я732Р-1 | |
| 701 | 1 |
_aЧебышев _bН. В. _gНиколай Васильевич |
|
| 701 | 1 |
_aБеречикидзе _bИ. А. _gИза Автандиловна |
|
| 701 | 1 |
_aГорожанина _bЕ. С. _gЕлена Сергеевна |
|
| 712 | 0 | 2 |
_4570 _aМосковский государственный медицинский университет им. И. М. Сеченова _c1 _3RU\NLR\AUTH\8810170316 _9836500 |
| 942 | _cBOOK | ||
| 980 | _aNBR | ||